000 00592cam a22001691 4500
082 _a423
_bOXF
_cL-31, P-24
100 1 _aFowler, F. G.
_947003
245 1 4 _aThe pocket Oxford dictionary of current English,
_ccomp. by F. G. Fowler & H. W. Fowler.
260 _aOxford,
_bThe Clarendon press,
_c1924.
300 _a3 p. l., [iii]-xvi, 1000 p.
_c18 cm.
500 _a"Nominally an abridgement of the Concise Oxford dictionary."--Pref.
526 _a0
_b0
_c0
_d423_000000000000000_OXF
650 0 _aEnglish language
650 0 _aMCE
_9379
700 1 _aFowler, H. W.
_947004
942 _2ddc
_cBK
999 _c550314
_d550314